Spôsoby doručovania v daňovom procese

Pre právnu relevanciu rozhodnutia vydaného správcom dane v daňovom procese je okrem iného podstatné, aby bolo riadne doručené výhradne danému daňovému subjektu. Právna úprava doručovania do vlastných rúk. Možnosti zaslania podnetu elektronickou formou. Elektronický dokument autorizovaný kvalifikovan...

Celý popis

Uložené v:
Podrobná bibliografia
Hlavný autor: Hrtánek, Ladislav
Médium: Kapitola
Jazyk:Slovak
Predmet:
Tagy: Pridať tag
Žiadne tagy, Buďte prvý, kto otaguje tento záznam!

MARC

LEADER 00000naa a2200000 4500
001 0306738
005 20250203111729.2
041 0 |a slo 
044 |a SK 
245 1 0 |a Spôsoby doručovania v daňovom procese  |c Ladislav Hrtánek 
520 |a Pre právnu relevanciu rozhodnutia vydaného správcom dane v daňovom procese je okrem iného podstatné, aby bolo riadne doručené výhradne danému daňovému subjektu. Právna úprava doručovania do vlastných rúk. Možnosti zaslania podnetu elektronickou formou. Elektronický dokument autorizovaný kvalifikovaným elektronickým podpisom. Elektronický dokument, v ktorom absentuje kvalifikovaný elektronický podpis. Možnosť zasielania podnetov verejnou vyhláškou. Iné možnosti zasielania podnetov v daňovom konaní. 
610 2 0 |a dane 
610 2 0 |a správa daňová 
610 2 0 |a konanie daňové 
610 2 0 |a doručovanie písomností 
610 2 0 |a podpis elektronický 
610 2 0 |a subjekty daňové 
610 2 0 |a úpravy právne 
610 2 0 |a zákony 
100 1 |a Hrtánek, Ladislav